[Event "BCF-chT4S 1819 (4NCL)"]
[Site "England"]
[Date "2018.11.18"]
[Round "2.131"]
[White "Balloglu, Piro"]
[Black "Cannon, Richard James"]
[Result "1/2-1/2"]
[WhiteElo "1964"]
[BlackElo "2028"]
[PlyCount "98"]
[EventDate "2018.11.17"]
[EventType "team-swiss"]
[EventRounds "11"]
[EventCountry "ENG"]
[SourceTitle "EXT 2021"]
[Source "ChessBase"]
[SourceDate "2020.10.23"]
[SourceVersion "1"]
[SourceVersionDate "2020.10.23"]
[SourceQuality "1"]
[WhiteTeam "Chesstivus"]
[BlackTeam "Rook & Roll"]
[WhiteTeamCountry "ENG"]
[BlackTeamCountry "ENG"]

1. e4 e6 2. d4 d5 3. Nc3 Nf6 4. e5 Nfd7 5. f4 c5 6. Nf3 Nc6 7. Be3 a6 8. Qd2 b5 9. Qf2 Qb6 10. g4 cxd4 11. Nxd4 Nxd4 12. Bxd4 Bc5 13. Rd1 Bxd4 14. Qxd4 Qxd4 15. Rxd4 Bb7 16. Be2 Rc8 17. 0-0 g5 18. a4 bxa4 19. Rxa4 gxf4 20. Rfxf4 0-0 21. Bxa6 Bxa6 22. Rxa6 Nxe5 23. h3 d4 24. Ne4 Rxc2 25. Ra5 Ng6 26. Nf6+ Kg7 27. Nh5+ Kh8 28. Rxd4 Rxb2 29. Ra7 Ne5 30. Rf4 Rd8 31. Rf1 Kg8 32. Ra5 Re2 33. Nf6+ Kh8 34. Nh5 h6 35. Ra7 Re3 36. Ra5 Nf3+ 37. Kf2 Rc3 38. Ra2 Nd2 39. Rh1 Ne4+ 40. Kg2 Kg8 41. Rf1 Rd2+ 42. Rxd2 Nxd2 43. Rf6 Ne4 44. Rxh6 Rc2+ 45. Kf1 Rf2+ 46. Kg1 Rf3 47. Kg2 Rf2+ 48. Kg1 Rf3 49. Kg2 Rf2+ 1/2-1/2

[Event "BCF-chT2d 1516 (4NCL) Demotion pool"]
[Site "England"]
[Date "2016.05.02"]
[Round "11.30"]
[White "Balloglu, Piro"]
[Black "Brown, Alan M"]
[Result "1-0"]
[WhiteElo "1959"]
[BlackElo "2039"]
[PlyCount "97"]
[EventDate "2015.11.14"]
[EventType "team-tourn"]
[EventRounds "4"]
[EventCountry "ENG"]
[SourceTitle "EXT 2023"]
[Source "ChessBase"]
[SourceDate "2022.10.05"]
[SourceVersion "1"]
[SourceVersionDate "2022.10.05"]
[SourceQuality "1"]
[WhiteTeam "Hackney"]
[BlackTeam "MK Phoenix"]
[WhiteTeamCountry "ENG"]
[BlackTeamCountry "ENG"]

1. e4 e5 2. Nf3 Nc6 3. d4 exd4 4. Nxd4 Nf6 5. Nxc6 bxc6 6. Bd3 d6 7. Bg5 Be7 8. Nc3 Rb8 9. Rb1 0-0 10. 0-0 Be6 11. b3 Nd7 12. Be3 a5 13. a4 Bf6 14. Ne2 Ne5 15. Nd4 Bd7 16. Be2 c5 17. Nb5 Re8 18. h3 Bc6 19. f3 Bb7 20. Bd2 Nc6 21. Bc4 Nb4 22. Bf4 Nc6 23. Kh1 Ne5 24. Be2 Ng6 25. Bh2 Ra8 26. Bc4 Qe7 27. Qd2 Red8 28. Qf2 Ne5 29. Be2 Nc6 30. Rbd1 Nd4 31. Bc4 Bh4 32. Qd2 Bf6 33. Nxd4 cxd4 34. Bg1 c5 35. Rfe1 Bh4 36. Bf2 Qf6 37. Bxh4 Qxh4 38. Kh2 Re8 39. c3 Rad8 40. cxd4 cxd4 41. Qxa5 Re5 42. Qd2 Rg5 43. Rf1 Qg3+ 44. Kh1 Bc8 45. Qf2 Qf4 46. Rxd4 Bxh3 47. gxh3 Rg3 48. Qh2 Qh4 49. e5 1-0

[Event "BCF-chT3 1415 (4NCL)"]
[Site "England"]
[Date "2015.05.03"]
[Round "10.220"]
[White "Balloglu, Piro"]
[Black "Nicholson, Jim WR"]
[Result "1-0"]
[WhiteElo "1690"]
[BlackElo "2020"]
[PlyCount "61"]
[EventDate "2015.03.21"]
[EventType "team-swiss"]
[EventRounds "11"]
[EventCountry "ENG"]
[SourceTitle "EXT 2016"]
[Source "ChessBase"]
[SourceDate "2015.10.08"]
[SourceVersion "1"]
[SourceVersionDate "2015.10.08"]
[SourceQuality "1"]
[WhiteTeam "Hackney II"]
[BlackTeam "Bradford DCA Knights"]
[WhiteTeamCountry "ENG"]
[BlackTeamCountry "ENG"]

1. e4 c5 2. Nf3 d6 3. d4 cxd4 4. Nxd4 Nf6 5. Nc3 a6 6. Bg5 e6 7. g3 Be7 8. Bg2 Nbd7 9. 0-0 h6 10. Be3 Qc7 11. Qe2 0-0 12. f4 Nb6 13. Rad1 Bd7 14. g4 e5 15. Nf5 Bxf5 16. exf5 Nc4 17. g5 Nxe3 18. gxf6 Qc5 19. fxe7 Nxd1+ 20. Kh1 Rfe8 21. Qxd1 Rxe7 22. f6 Ree8 23. Qg4 g6 24. Bd5 Kh7 25. Bxf7 Rg8 26. Bxg8+ Rxg8 27. fxe5 Qxe5 28. Qd7+ Kh8 29. Qe7 Qc5 30. f7 Qc6+ 31. Ne4 1-0